[Event "Vignola op 11th"]
[Site "Vignola"]
[Date "2012.11.17"]
[Round "2"]
[White "Carletti, Davide"]
[Black "Paoli, Walter"]
[Result "1-0"]
[WhiteElo "1697"]
[BlackElo "2045"]
[PlyCount "91"]
[EventDate "2012.11.16"]
[EventType "swiss"]
[EventRounds "5"]
[EventCountry "ITA"]
[SourceTitle "EXT 2014"]
[Source "ChessBase"]
[SourceDate "2013.11.20"]
[SourceVersion "1"]
[SourceVersionDate "2013.11.20"]
[SourceQuality "1"]

1. e4 d5 2. exd5 Qxd5 3. Nc3 Qd8 4. Bc4 Nf6 5. Nf3 Bg4 6. Bxf7+ Kxf7 7. Ne5+ Kg8 8. Nxg4 Qd7 9. Ne5 Qe6 10. Qe2 Nbd7 11. Nxd7 Qxe2+ 12. Kxe2 Nxd7 13. Re1 c6 14. d4 Nf6 15. Bg5 Kf7 16. Rad1 e6 17. Kf1 Bb4 18. Bxf6 gxf6 19. Re3 Bxc3 20. Rxc3 Rad8 21. Rcd3 Rd5 22. c4 Rd7 23. f4 Rhd8 24. Ke2 Rg8 25. g3 Rgd8 26. Ke3 f5 27. b4 h5 28. a4 h4 29. gxh4 Rh8 30. d5 exd5 31. cxd5 Rxh4 32. dxc6 Rh3+ 33. Ke2 Rxh2+ 34. Kf1 Rh1+ 35. Kg2 Rxd1 36. Rxd7+ Rxd7 37. cxd7 Ke7 38. Kg3 Kxd7 39. Kh4 b6 40. Kg5 Ke6 41. a5 bxa5 42. bxa5 a6 43. Kg6 Ke7 44. Kxf5 Kf7 45. Ke5 Ke7 46. Kd5 1-0

[Event "Condino op 11th"]
[Site "Condino"]
[Date "2011.07.25"]
[Round "2"]
[White "Tricerri, Pierino"]
[Black "Carletti, Davide"]
[Result "0-1"]
[WhiteElo "1508"]
[BlackElo "1660"]
[PlyCount "102"]
[EventDate "2011.07.25"]
[EventType "swiss"]
[EventRounds "7"]
[EventCountry "ITA"]
[SourceTitle "EXT 2012"]
[Source "ChessBase"]
[SourceDate "2011.11.24"]
[SourceVersion "1"]
[SourceVersionDate "2011.11.24"]
[SourceQuality "1"]

1. d4 Nf6 2. c4 g6 3. Nc3 Bg7 4. e4 d6 5. Be3 0-0 6. Nge2 e5 7. f3 Nc6 8. Qd2 Qe7 9. d5 Nd8 10. b4 Ne8 11. c5 f5 12. cxd6 cxd6 13. Na4 Qh4+ 14. Bf2 Qf6 15. Nec3 f4 16. Bb5 g5 17. 0-0-0 Qe7 18. Qc2 Bd7 19. Bc4 Rc8 20. Bb3 b5 21. Nc5 Kh8 22. Na6 Nf6 23. Bxa7 Be8 24. Bb6 Qb7 25. Bxd8 Rxd8 26. Nc5 dxc5 27. bxc5 Bf7 28. Qe2 Rb8 29. h4 gxh4 30. Rxh4 Bg6 31. Rdh1 Rfc8 32. Qf2 Bf8 33. c6 Qb6 34. Qe1 Bb4 35. Kc2 Rc7 36. Rg1 Qc5 37. g4 Nxd5 38. Bxd5 Bxc3 39. Qxc3 Qxd5 40. Kb2 Qd4 41. Qxd4 exd4 42. Rc1 Rbc8 43. g5 Rxc6 44. Rxc6 Rxc6 45. Rxf4 Kg7 46. e5 d3 47. Rd4 Kf7 48. Rf4+ Ke6 49. Rf6+ Kd5 50. Rxc6 Kxc6 51. Kc3 Kd5 0-1

[Event "Cento op 1st"]
[Site "Cento"]
[Date "2011.02.06"]
[Round "2"]
[White "Carletti, Davide"]
[Black "Valenti, Giuseppe"]
[Result "0-1"]
[WhiteElo "1702"]
[BlackElo "2133"]
[PlyCount "118"]
[EventDate "2011.02.05"]
[EventType "swiss"]
[EventRounds "9"]
[EventCountry "ITA"]
[SourceTitle "CBM 140 Extra"]
[Source "ChessBase"]
[SourceDate "2011.03.01"]
[SourceVersion "1"]
[SourceVersionDate "2011.03.01"]
[SourceQuality "1"]

1. e4 d6 2. d4 Nf6 3. Nc3 e5 4. Nf3 Nbd7 5. Bc4 Be7 6. 0-0 0-0 7. Re1 c6 8. a4 a5 9. h3 h6 10. Be3 Re8 11. Qd2 Bf8 12. Rad1 Qc7 13. Bb3 Rb8 14. Qd3 exd4 15. Bxd4 Ne5 16. Qe2 Bd7 17. Bxe5 dxe5 18. Qc4 Be6 19. Nd5 Qd8 20. Nxf6+ Qxf6 21. Qd3 Bb4 22. Rf1 Rbd8 23. Qe3 Bc8 24. c3 Be7 25. Rfe1 g5 26. Nh2 h5 27. Qf3 Qxf3 28. Nxf3 Bf6 29. Rxd8 Rxd8 30. Rd1 Rxd1+ 31. Bxd1 g4 32. hxg4 Bxg4 33. b4 Kg7 34. b5 Bg5 35. bxc6 bxc6 36. c4 Bd2 37. Kf1 Bb4 38. Be2 Kf6 39. Nh4 Be6 40. Bd3 Bc8 41. Nf3 Be7 42. Nd2 Bb4 43. Nb3 Kg5 44. Ke2 Kf4 45. g3+ Kg5 46. Ke3 Bd7 47. Bc2 Be6 48. Bd3 Bd7 49. Bc2 Be6 50. Bd3 Kg4 51. Be2+ Kh3 52. Nd2 Kg2 53. Bxh5 Bxd2+ 54. Kxd2 Kxf2 55. Kd3 c5 56. g4 f6 57. Kc3 Ke3 58. Bg6 Bxg4 59. Bf7 Bf3 0-1

[Event "Crema op 11th"]
[Site "Crema"]
[Date "2009.09.04"]
[Round "1"]
[White "Brioschi, Camillo"]
[Black "Carletti, Davide"]
[Result "1-0"]
[WhiteElo "1826"]
[BlackElo "1497"]
[PlyCount "51"]
[EventDate "2009.09.04"]
[EventType "swiss"]
[EventRounds "6"]
[EventCountry "ITA"]
[SourceTitle "EXT 2011"]
[Source "ChessBase"]
[SourceDate "2010.11.26"]
[SourceVersion "1"]
[SourceVersionDate "2010.11.26"]
[SourceQuality "1"]

1. d4 d5 2. c4 c6 3. Nf3 Nf6 4. Nc3 e6 5. cxd5 exd5 6. Bf4 Bd6 7. Ne5 h6 8. e3 Be6 9. Bd3 Qc7 10. Rc1 a6 11. 0-0 Nbd7 12. Nxd7 Qxd7 13. Bxd6 Qxd6 14. Na4 Ng4 15. g3 Nf6 16. Nc5 Bc8 17. Qc2 g6 18. Rfe1 h5 19. e4 dxe4 20. Bxe4 Kd8 21. Qb3 Qc7 22. d5 h4 23. dxc6 bxc6 24. Rcd1+ Nd7 25. Qxf7 hxg3 26. Ne6# 1-0